Statistics for Team USA Basketball at the World Cup (2006-2019)

Click here to take the quiz!

General Stats

  • This quiz has been taken 65 times
    (29 since last reset)
  • The average score is 24 of 46

Answer Stats

Answer % Correct
LeBron James
100%
Stephen Curry
96%
Klay Thompson
93%
Kevin Durant
93%
Russell Westbrook
86%
Chris Paul
86%
James Harden
82%
Kemba Walker
79%
Dwyane Wade
79%
Anthony Davis
75%
Carmelo Anthony
75%
Chris Bosh
71%
Kyrie Irving
64%
DeMarcus Cousins
64%
Dwight Howard
64%
Jayson Tatum
61%
Derrick Rose
61%
Gregg Popovich
57%
Mike Krzyzewski
57%
Tyson Chandler
54%
Myles Turner
50%
Jaylen Brown
50%
Joe Johnson
50%
Kevin Love
50%
Andre Iguodala
46%
Derrick White
46%
Joe Harris
46%
Donovan Mitchell
46%
DeMar Derozan
43%
Mason Plumlee
43%
Harrison Barnes
43%
Khris Middleton
39%
Brad Miller
36%
Andre Drummond
36%
Chauncey Billups
32%
Rudy Gay
29%
Kenneth Faried
29%
Lamar Odom
29%
Marcus Smart
25%
Eric Gordon
25%
Brook Lopez
25%
Danny Granger
18%
Shane Battier
14%
Kirk Hinrich
11%
Antawn Jamison
11%
Elton Brand
11%

Score Distribution

Percentile by Number Answered

Percent of People with Each Score

Your Score History

You have not taken this quiz since the last reset